[Event "Oberschwaben-chB"]
[Site "Markdorf"]
[Date "2009.05.21"]
[Round "1.1"]
[White "Oestreicher, Hans-Ulrich"]
[Black "Rünz, Wilfried"]
[Result "0-1"]
[WhiteElo "1982"]
[BlackElo "1657"]
[PlyCount "58"]
[EventDate "2009.??.??"]
[WhiteTeam "SK Markdorf"]
[BlackTeam "SK Leutkirch"]

1. c4 Nf6 2. Nf3 e6 3. g3 d5 4. Bg2 c6 5. b3 Be7 6. Bb2 O-O 7. O-O Nbd7 8. d4
b6 9. Nc3 Bb7 10. Rc1 c5 11. cxd5 Nxd5 12. Nxd5 Bxd5 13. Qd2 Rc8 14. Rfd1 Nf6
15. Qf4 Ne4 16. dxc5 Rxc5 17. h4 Rxc1 18. Qxc1 Bf6 19. Ne5 Qc8 20. Qe3 Qc2 21.
Qc1 Rc8 22. Bxe4 Bxe4 23. Qxc2 Rxc2 24. Nc4 Rxe2 25. Bxf6 gxf6 26. a3 Bd5 27.
Kf1 Ra2 28. Ne3 Bxb3 29. h5 Bxd1 0-1

[Event "Oberschwaben-chB"]
[Site "Markdorf"]
[Date "2009.05.21"]
[Round "1.2"]
[White "Funk, Markus"]
[Black "Schleiffer, Helmut"]
[Result "1/2-1/2"]
[WhiteElo "1649"]
[BlackElo "1867"]
[PlyCount "83"]
[EventDate "2009.??.??"]
[WhiteTeam "SV Friedrichshafen"]
[BlackTeam "SF Vöhringen"]

1. c4 c6 2. d4 d5 3. cxd5 cxd5 4. Nf3 Nf6 5. Nc3 Nc6 6. Bg5 Ne4 7. Bh4 Qa5 8.
Qb3 e6 9. a3 Nxc3 10. bxc3 b5 11. e3 a6 12. Qb2 Bd7 13. Be2 Bd6 14. O-O O-O 15.
Bg3 Be7 16. Nd2 Rfc8 17. e4 Nd8 18. Rfc1 Rc6 19. exd5 exd5 20. Bf3 Be6 21. Nb3
Qb6 22. Bf4 Nb7 23. a4 Nd6 24. Bxd6 Bxd6 25. axb5 Qxb5 26. Ra5 Qb6 27. Qa2 Rb8
28. Rb1 Rxc3 29. Bd1 Bb4 30. Nc5 Qd8 31. Nxe6 fxe6 32. Rxa6 Rc4 33. Bg4 Rxd4
34. Bxe6+ Kh8 35. Ra7 Qb6 36. Ra8 g6 37. Rxb8+ Qxb8 38. Qb2 Qe5 39. Bh3 Qe4 40.
g3 Kg8 41. Bg2 Qd3 42. Bxd5+ 1/2-1/2

[Event "Oberschwaben-chB"]
[Site "Markdorf"]
[Date "2009.05.21"]
[Round "1.3"]
[White "Krämer, Markus"]
[Black "Kromer, Thomas"]
[Result "1-0"]
[WhiteElo "1863"]
[BlackElo "1640"]
[PlyCount "73"]
[EventDate "2009.??.??"]
[WhiteTeam "SC Tettnang"]
[BlackTeam "SF Riedlingen"]

1. Nc3 g6 2. h4 Nf6 3. e4 d6 4. d4 Nbd7 5. Be2 c5 6. Be3 cxd4 7. Bxd4 Qa5 8.
Qd2 h5 9. f3 Bh6 10. Be3 Bxe3 11. Qxe3 Qb6 12. Qxb6 Nxb6 13. O-O-O O-O 14. Nh3
Be6 15. Rdg1 Bc4 16. Bd1 d5 17. e5 Nfd7 18. f4 Nc5 19. g4 hxg4 20. Bxg4 d4 21.
Nd1 d3 22. Nc3 dxc2 23. h5 Nd3+ 24. Kxc2 Nb4+ 25. Kb1 Bd3+ 26. Kc1 f5 27. Bf3
Rac8 28. Rxg6+ Kf7 29. e6+ Ke8 30. a3 N4d5 31. Kd2 Nxc3 32. bxc3 Be4 33. Bxe4
fxe4 34. h6 Nc4+ 35. Ke2 Kd8 36. Rd1+ Kc7 37. Rd7+ 1-0

[Event "Oberschwaben-chB"]
[Site "Markdorf"]
[Date "2009.05.21"]
[Round "1.4"]
[White "Heil, Peter"]
[Black "Jäckel, Thomas"]
[Result "0-1"]
[WhiteElo "1635"]
[BlackElo "1853"]
[PlyCount "56"]
[EventDate "2009.??.??"]
[WhiteTeam "SF Wetzisreute"]
[BlackTeam "SC Lindau"]

1. d4 Nf6 2. Nd2 g6 3. e4 d6 4. Ngf3 Bg7 5. Bd3 O-O 6. O-O Nc6 7. c3 e5 8. h3
Nh5 9. Nc4 Qe8 10. d5 Ne7 11. g4 Nf6 12. Nh4 h5 13. f4 exf4 14. g5 Nh7 15. Bxf4
Bxh3 16. Rf2 Qd7 17. Be2 f6 18. gxf6 Bxf6 19. Bg3 g5 20. Nf5 Nxf5 21. exf5 h4
22. Bxd6 cxd6 23. Qd3 g4 24. Bxg4 Bxg4 25. Rg2 Kh8 26. Rxg4 Rg8 27. Ne3 Rxg4+
28. Nxg4 Rg8 0-1

[Event "Oberschwaben-chB"]
[Site "Markdorf"]
[Date "2009.05.21"]
[Round "1.5"]
[White "Betzen, Wolfgang"]
[Black "Özdemir, Murat"]
[Result "1-0"]
[WhiteElo "1850"]
[BlackElo "1596"]
[PlyCount "121"]
[EventDate "2009.??.??"]
[WhiteTeam "SC Wangen"]
[BlackTeam "SF Ravensburg"]

1. Nf3 e6 2. b3 d5 3. e3 Nf6 4. Bb2 c5 5. Be2 Nc6 6. O-O Bd6 7. d4 cxd4 8. exd4
Qc7 9. Bb5 Bd7 10. Re1 O-O-O 11. Nbd2 Rde8 12. Bxc6 Bxc6 13. Ne5 Bxe5 14. dxe5
Nd7 15. c4 Kb8 16. b4 b6 17. a4 f6 18. Qe2 Nxe5 19. Bxe5 Qxe5 20. Qxe5+ fxe5
21. Rxe5 dxc4 22. Nxc4 Kc7 23. Rg5 g6 24. Ne5 Bd5 25. Rc1+ Kb7 26. Nf7 Rc8 27.
Nd6+ Kb8 28. Rxc8+ Rxc8 29. Nxc8 Kxc8 30. f3 Kd7 31. h4 Bc4 32. Kf2 Kd6 33. Ke3
e5 34. h5 gxh5 35. Rxh5 Bg8 36. a5 b5 37. Rh6+ Kd5 38. Kd3 Be6 39. Kc3 a6 40.
Rxh7 Bc8 41. Rh6 Be6 42. g4 Bc8 43. Kd3 Be6 44. Rxe6 Kxe6 45. Ke4 Kd6 46. g5
Ke6 47. g6 Kf6 48. g7 Kxg7 49. Kxe5 Kf7 50. Kf5 Ke7 51. Kg6 Ke6 52. f4 Kd5 53.
f5 Kc4 54. f6 Kxb4 55. f7 Kxa5 56. Kf5 b4 57. Ke4 Ka4 58. Kd3 b3 59. Kc3 Ka3
60. f8=Q+ Ka4 61. Qb4# 1-0

[Event "Oberschwaben-chB"]
[Site "Markdorf"]
[Date "2009.05.21"]
[Round "1.6"]
[White "Pohl, Manfred"]
[Black "Zeller, Roman"]
[Result "1/2-1/2"]
[WhiteElo "1607"]
[BlackElo "1828"]
[PlyCount "117"]
[EventDate "2009.??.??"]
[WhiteTeam "SC Wangen"]
[BlackTeam "SV Friedrichshafen"]

1. b4 Nf6 2. Bb2 e6 3. b5 a6 4. a4 c6 5. c4 axb5 6. axb5 Rxa1 7. Bxa1 Be7 8. e3
O-O 9. Nf3 d5 10. Nc3 dxc4 11. Bxc4 Nd5 12. O-O Nd7 13. bxc6 bxc6 14. Ne4 N7b6
15. Be2 f5 16. Ng3 Bf6 17. Qc2 Nb4 18. Qb3 N6d5 19. Nh5 Bxa1 20. Rxa1 g6 21.
Ng3 Qf6 22. d4 c5 23. Rd1 cxd4 24. Rxd4 Nc6 25. Rd1 Rf7 26. Nd4 Ncb4 27. Bc4
Bb7 28. Nb5 Qe5 29. Nd4 f4 30. Nf3 Qg7 31. Ne4 fxe3 32. fxe3 Qf8 33. Nfg5 Re7
34. Rf1 Qg7 35. Nd6 Qe5 36. Nxb7 Qxg5 37. Bxd5 Nxd5 38. Nd6 Qxe3+ 39. Qxe3 Nxe3
40. Re1 Nf5 41. Ne4 Kg7 42. g4 Nd4 43. Kf2 Rf7+ 44. Kg3 h6 45. Re3 Rf1 46. Kg2
Rf4 47. h3 e5 48. Kg3 Rf8 49. Nc5 Re8 50. Nd7 Nc6 51. Kf3 Kf7 52. Ke4 Re7 53.
Nc5 Kf6 54. Kd5 Nb4+ 55. Kd6 Re8 56. Nd7+ Kg5 57. Rxe5+ Rxe5 58. Nxe5 Kf6 59.
Nd7+ 1/2-1/2

[Event "Oberschwaben-chB"]
[Site "Markdorf"]
[Date "2009.05.21"]
[Round "1.7"]
[White "Meger, Wilfried"]
[Black "Thyron, Franz"]
[Result "1-0"]
[WhiteElo "1812"]
[BlackElo "1581"]
[PlyCount "99"]
[EventDate "2009.??.??"]
[WhiteTeam "SF Mengen"]
[BlackTeam "SF Ravensburg"]

1. Nf3 d5 2. d4 Nf6 3. c4 c6 4. Nc3 a6 5. e3 Bg4 6. h3 Bxf3 7. Qxf3 e6 8. Bd3
Nbd7 9. O-O Be7 10. Rd1 Qc7 11. e4 dxe4 12. Nxe4 Nxe4 13. Bxe4 Nf6 14. Bc2 O-O
15. Bf4 Qb6 16. b3 Rad8 17. c5 Qa7 18. Be5 Rd7 19. Rd2 Qa8 20. Rad1 Qd8 21. g4
g6 22. h4 Ne8 23. h5 Bf6 24. Qe3 Nc7 25. Bd6 Re8 26. hxg6 hxg6 27. Kg2 Kg7 28.
Rh1 Rh8 29. Rdd1 Nd5 30. Qd2 Rxh1 31. Rxh1 Bg5 32. f4 Rxd6 33. fxg5 Rd7 34. Be4
Nc7 35. Qf4 Rd5 36. Qh2 Kf8 37. Qh8+ Ke7 38. Qf6+ Kd7 39. Qxd8+ Kxd8 40. Bxd5
exd5 41. Rh8+ Kd7 42. Rb8 Nb5 43. Rxb7+ Ke6 44. Rb6 Nxd4 45. Rxa6 f6 46. gxf6
Kxf6 47. a4 Kg5 48. b4 Kxg4 49. b5 cxb5 50. c6 1-0

[Event "Oberschwaben-chB"]
[Site "Markdorf"]
[Date "2009.05.21"]
[Round "1.8"]
[White "Rauscher, Benjamin"]
[Black "Fichtl, Xaver"]
[Result "1-0"]
[WhiteElo "1571"]
[BlackElo "1809"]
[PlyCount "119"]
[EventDate "2009.??.??"]
[WhiteTeam "SK Markdorf"]
[BlackTeam "SC Lindau"]

1. d4 d5 2. Nf3 e6 3. Bf4 f5 4. e3 Nf6 5. h3 Bd6 6. Ne5 Qe7 7. Nd2 Nbd7 8. Ndf3
c6 9. Be2 Nf8 10. O-O Rg8 11. c4 Ne4 12. Qa4 Bd7 13. c5 Bb8 14. Rac1 g5 15.
Nxd7 Nxd7 16. Bxb8 Nxb8 17. Ne5 Nf6 18. b4 g4 19. hxg4 Nxg4 20. Bxg4 fxg4 21.
g3 Nd7 22. Nxd7 Qxd7 23. Kg2 a6 24. Rh1 O-O-O 25. Qc2 Rg7 26. Rh6 Qf7 27. Rch1
Rd7 28. Qe2 Qg8 29. a4 Rg6 30. R6h4 Re7 31. b5 axb5 32. axb5 cxb5 33. Qxb5 Qf7
34. Qe2 e5 35. Rxg4 exd4 36. Rxd4 Qe6 37. Qa2 Rd7 38. Qa8+ Kc7 39. Rb1 Qa6 40.
Qxa6 Rxa6 41. Rdb4 Kc6 42. Rb5 Ra4 43. R1b2 Ra7 44. g4 d4 45. exd4 Rxd4 46. f3
Rc4 47. Rb6+ Kc7 48. R2b5 Rd4 49. Rf6 Rd7 50. Kg3 Rg7 51. Kf4 Rg6 52. Rxg6 hxg6
53. Kg5 Kc6 54. Rb3 Kxc5 55. Kxg6 b5 56. f4 Kc4 57. Rb1 Rb7 58. f5 Kd5 59. f6
Ke6 60. g5 1-0

[Event "Oberschwaben-chB"]
[Site "Markdorf"]
[Date "2009.05.21"]
[Round "1.9"]
[White "Scherbaum, Guenter"]
[Black "Eizenhöfer, Rudolf"]
[Result "1-0"]
[WhiteElo "1804"]
[BlackElo "1555"]
[PlyCount "51"]
[EventDate "2009.??.??"]
[WhiteTeam "SC Lindau"]
[BlackTeam "SK Markdorf"]

1. e4 c5 2. Nf3 Nc6 3. d4 cxd4 4. Nxd4 d6 5. Nc3 Nf6 6. Be3 e5 7. Nb3 Be7 8. f3
a6 9. Qd2 Be6 10. Nd5 O-O 11. O-O-O Ne8 12. h4 a5 13. Kb1 Bxd5 14. exd5 a4 15.
Nc1 Nd4 16. Bd3 Qd7 17. Ne2 Nxe2 18. Qxe2 Nc7 19. g4 b5 20. Bf5 Qd8 21. g5 g6
22. Be4 Rb8 23. h5 b4 24. hxg6 fxg6 25. Qh2 Qe8 26. Qxh7# 1-0

[Event "Oberschwaben-chB"]
[Site "Markdorf"]
[Date "2009.05.21"]
[Round "1.10"]
[White "Hörsch, Florian"]
[Black "Oberndörfer, Frank"]
[Result "1/2-1/2"]
[WhiteElo "1535"]
[BlackElo "1785"]
[PlyCount "130"]
[EventDate "2009.??.??"]
[WhiteTeam "SAbt TSV Langenau"]
[BlackTeam "SF Wetzisreute"]

1. e4 g6 2. d4 Bg7 3. c4 Nc6 4. Nf3 d6 5. Nc3 Bd7 6. Be2 e5 7. d5 Nce7 8. Be3
b6 9. O-O f5 10. Rc1 Nf6 11. Bd3 O-O 12. b4 a5 13. a3 axb4 14. axb4 f4 15. Bd2
h6 16. Nb5 Bxb5 17. cxb5 g5 18. Qc2 Ra7 19. Ra1 Rxa1 20. Rxa1 Rf7 21. Ra7 Ne8
22. Qa2 Kh7 23. Ra8 Qd7 24. Qa7 Nf6 25. Qb7 Rf8 26. Rxf8 Bxf8 27. Qa8 Kg7 28.
Bc3 Ng6 29. Qc6 Qc8 30. Bb2 g4 31. Nd2 h5 32. Qc1 f3 33. g3 h4 34. Nc4 hxg3 35.
hxg3 Qd7 36. Qg5 Nh7 37. Qh5 Nf6 38. Qg5 Kf7 39. Ne3 Be7 40. Qh6 Qe8 41. Nf5
Qh8 42. Qc1 Bd8 43. Qc2 Ne7 44. Nxe7 Kxe7 45. Qd1 Qh7 46. Qe1 Kf8 47. Bc1 Nxd5
48. Bh6+ Qxh6 49. exd5 Bg5 50. Qe4 Qh5 51. Qf5+ Kg7 52. Qd7+ Qf7 53. Qxg4 Qf6
54. Be4 Kf8 55. Bxf3 Bd2 56. Qc8+ Kg7 57. Qxc7+ Qf7 58. Qxf7+ Kxf7 59. Kg2 Bxb4
60. Kh3 Be1 61. Kg2 Kf6 62. Kf1 Bc3 63. Ke2 Bd4 64. Bg2 Kg5 65. Bh3 e4 1/2-1/2

[Event "Oberschwaben-chB"]
[Site "Markdorf"]
[Date "2009.05.21"]
[Round "1.11"]
[White "Starcevic, Bozo"]
[Black "Zielke, Reinhard"]
[Result "1-0"]
[WhiteElo "1784"]
[BlackElo "1526"]
[PlyCount "133"]
[EventDate "2009.??.??"]
[WhiteTeam "SC Tettnang"]
[BlackTeam "SAbt TG Biberach"]

1. d4 d5 2. c4 c6 3. Nf3 Nf6 4. Nc3 e6 5. Bg5 Nbd7 6. e3 Be7 7. Bd3 dxc4 8.
Bxc4 Nd5 9. h4 h6 10. Bxe7 Qxe7 11. a3 N5b6 12. Ba2 Nf6 13. Ne5 Bd7 14. Rc1 Rc8
15. b4 Nbd5 16. Qa4 Nxc3 17. Rxc3 a6 18. f3 Nd5 19. Bxd5 exd5 20. Qc2 Qd6 21.
f4 g6 22. g4 h5 23. f5 hxg4 24. fxg6 fxg6 25. Nxg6 Qg3+ 26. Qf2 Qxf2+ 27. Kxf2
Rh7 28. Kg3 Bf5 29. Nf4 Rcc7 30. h5 Rcg7 31. Rh4 Rh6 32. Rc1 Kf7 33. Rf1 Kf6
34. Nd3 Kg5 35. Ne5 Be6 36. Rfh1 Rgh7 37. Ng6 Bf5 38. Nf4 Bd7 39. a4 Bc8 40.
Rc1 Bd7 41. Rc2 Bf5 42. Re2 Rh8 43. Rf2 R8h7 44. Rfh2 Bd7 45. b5 axb5 46. axb5
Bf5 47. Rb2 Bd7 48. bxc6 bxc6 49. Rb8 Rg7 50. Rh1 Bf5 51. Re8 Kf6 52. Rf8+ Rf7
53. Rxf7+ Kxf7 54. Kh4 Kf6 55. Rc1 Bd7 56. Ne2 Kg7 57. Nf4 Bf5 58. Kg5 Bc8 59.
Ng6 Bd7 60. Rf1 Be8 61. Nf4 Bd7 62. Ra1 Rd6 63. Ra7 Kf8 64. h6 Kf7 65. Ra8 Rf6
66. h7 Rf5+ 67. Kxg4 1-0

[Event "Oberschwaben-chB"]
[Site "Markdorf"]
[Date "2009.05.21"]
[Round "1.12"]
[White "Grasmik, Johann"]
[Black "Leser, Alfred"]
[Result "0-1"]
[WhiteElo "1511"]
[BlackElo "1782"]
[PlyCount "68"]
[EventDate "2009.??.??"]
[WhiteTeam "SV Weingarten"]
[BlackTeam "SF Mengen"]

1. d4 Nf6 2. c4 e6 3. Nf3 b6 4. Bg5 h6 5. Bh4 Be7 6. Nc3 Bb7 7. e3 d5 8. Rc1
Nbd7 9. cxd5 Nxd5 10. Bxe7 Nxe7 11. Bd3 O-O 12. O-O Nd5 13. Re1 Nxc3 14. Rxc3
c5 15. Nd2 cxd4 16. exd4 Nf6 17. Ne4 Qe7 18. Nxf6+ Qxf6 19. Be4 Qe7 20. Qf3
Bxe4 21. Qxe4 Qb4 22. Rb1 Rfd8 23. Rd3 Rac8 24. a3 Qxb2 25. Rdd1 Qxa3 26. h3
Qd6 27. Rd3 Rc4 28. Qb7 Rc7 29. Qe4 Qd5 30. Qh4 Rdc8 31. Rg3 Kh8 32. f4 Rc1+
33. Rxc1 Rxc1+ 34. Kh2 Qxd4 0-1

[Event "Oberschwaben-chB"]
[Site "Markdorf"]
[Date "2009.05.21"]
[Round "1.13"]
[White "Heil, Marina"]
[Black "Neher, Georg"]
[Result "1-0"]
[WhiteElo "1754"]
[BlackElo "1500"]
[PlyCount "51"]
[EventDate "2009.??.??"]
[WhiteTeam "SF Wetzisreute"]
[BlackTeam "SC Bad Schussenried e.V."]

1. e4 g6 2. Bc4 Bg7 3. Nc3 d6 4. d3 a6 5. f4 b5 6. Bb3 Nc6 7. Bd5 Bb7 8. a4 b4
9. Nce2 e6 10. Bb3 Na5 11. Ba2 c5 12. Nf3 Nc6 13. O-O Nge7 14. f5 gxf5 15. exf5
Qd7 16. fxe6 fxe6 17. Nf4 d5 18. Ng5 Bd4+ 19. Kh1 O-O-O 20. Nfxe6 Rde8 21. Nxd4
Nxd4 22. c3 Ndc6 23. Bf4 Ng6 24. Bg3 h6 25. Nf7 Rh7 26. Nd6+ 1-0

[Event "Oberschwaben-chB"]
[Site "Markdorf"]
[Date "2009.05.21"]
[Round "1.14"]
[White "Laub, Bertram"]
[Black "Nuber, Reinhard"]
[Result "0-1"]
[WhiteElo "1498"]
[BlackElo "1742"]
[PlyCount "30"]
[EventDate "2009.??.??"]
[WhiteTeam "SAbt TG Biberach"]
[BlackTeam "Sabt TSV 1880 Neu-Ulm"]

1. e4 e5 2. Nf3 Nc6 3. Bc4 Nf6 4. O-O Nxe4 5. d4 d5 6. Bb5 exd4 7. Nxd4 Bd7 8.
Nxc6 bxc6 9. Ba4 Bd6 10. Re1 O-O 11. Nd2 Qh4 12. Nxe4 Qxh2+ 13. Kf1 dxe4 14. f3
Bg3 15. Qxd7 Qh1+ 0-1

[Event "Oberschwaben-chB"]
[Site "Markdorf"]
[Date "2009.05.21"]
[Round "1.15"]
[White "Montgomery, Mike"]
[Black "Gräber, Gordian"]
[Result "1-0"]
[WhiteElo "1735"]
[BlackElo "1492"]
[PlyCount "37"]
[EventDate "2009.??.??"]
[WhiteTeam "SC Lindau"]
[BlackTeam "SC Tettnang"]

1. e4 e5 2. f4 exf4 3. Bc4 Nc6 4. d4 Qh4+ 5. Kf1 d6 6. Nf3 Bg4 7. Bb5 O-O-O 8.
Bxc6 bxc6 9. Bxf4 Qe7 10. Nc3 Nf6 11. Qd3 Bxf3 12. Qa6+ Kb8 13. gxf3 Qd7 14. a4
d5 15. Nb5 cxb5 16. axb5 Qh3+ 17. Ke1 Bd6 18. b6 Bxf4 19. bxa7+ 1-0

[Event "Oberschwaben-chB"]
[Site "Markdorf"]
[Date "2009.05.21"]
[Round "1.16"]
[White "Kitzelmann, Stefan"]
[Black "Heinrich, Ernst"]
[Result "1/2-1/2"]
[WhiteElo "1335"]
[BlackElo "1706"]
[PlyCount "65"]
[EventDate "2009.??.??"]
[WhiteTeam "SC Wangen"]
[BlackTeam "SK Markdorf"]

1. d4 d5 2. c4 c6 3. Nf3 Nf6 4. Nc3 e6 5. e3 Nbd7 6. Bd2 Bd6 7. Bd3 dxc4 8.
Bxc4 b5 9. Bd3 a6 10. O-O c5 11. Ne4 Nxe4 12. Bxe4 Rb8 13. Qc2 f5 14. Bc6 Qc7
15. Bxd7+ Bxd7 16. dxc5 Qxc5 17. Qxc5 Bxc5 18. Ne5 Bd6 19. Bc3 Rb7 20. Rfd1
Bxe5 21. Bxe5 O-O 22. Rd6 a5 23. Rc1 g5 24. Rcd1 Rf7 25. Ra6 a4 26. Ra8+ Rf8
27. Rxf8+ Kxf8 28. Kf1 Ke8 29. Ke2 b4 30. Rd6 Rb5 31. Bf6 g4 32. Kd3 Rc5 33.
Bd4 1/2-1/2

[Event "Oberschwaben-chB"]
[Site "Markdorf"]
[Date "2009.05.21"]
[Round "1.17"]
[White "Stadelmayer, Bernd"]
[Black "Ebel, Klaus"]
[Result "1-0"]
[WhiteElo "1704"]
[BlackElo "1400"]
[PlyCount "75"]
[EventDate "2009.??.??"]
[WhiteTeam "SK Leutkirch"]
[BlackTeam "SK Markdorf"]

1. d4 d5 2. Nf3 Nf6 3. c4 e6 4. g3 Nbd7 5. Bg2 c6 6. O-O Be7 7. Nbd2 O-O 8. b3
b6 9. Bb2 Bb7 10. Qc2 Re8 11. Rad1 Rc8 12. Qb1 c5 13. dxc5 Bxc5 14. e4 dxe4 15.
Ng5 Qe7 16. b4 Bxb4 17. Bxf6 Nxf6 18. Ndxe4 Nxe4 19. Nxe4 f5 20. c5 Bxc5 21.
Nxc5 Bxg2 22. Kxg2 Rxc5 23. Rd3 Rec8 24. Rfd1 Qb7+ 25. Kh3 g5 26. Rd7 Qf3 27.
Qb2 g4+ 28. Kh4 Qc3 29. Qxc3 Rxc3 30. Rxa7 Rc2 31. Rdd7 Rxf2 32. Rg7+ Kf8 33.
h3 gxh3 34. Kg5 f4 35. g4 h2 36. Kf6 h1=Q 37. Raf7+ Ke8 38. Rg8# 1-0

[Event "Oberschwaben-chB"]
[Site "Markdorf"]
[Date "2009.05.21"]
[Round "1.18"]
[White "Labor, Kurt"]
[Black "Schneider, Thomas"]
[Result "1-0"]
[WhiteElo "1300"]
[BlackElo "1695"]
[PlyCount "44"]
[EventDate "2009.??.??"]
[WhiteTeam "SK Markdorf"]
[BlackTeam "SF Ravensburg"]

1. a4 e5 2. b4 Bxb4 3. Ba3 Bxa3 4. Rxa3 d5 5. Rg3 g6 6. Nf3 Nc6 7. e3 h5 8. d4
h4 9. Rg5 e4 10. Re5+ Be6 11. Nc3 exf3 12. Bb5 fxg2 13. Rg1 h3 14. Nxd5 a6 15.
Bxc6+ bxc6 16. Nb4 Qd6 17. Rc5 Qxh2 18. Kd2 Qd6 19. Qf3 h2 20. Qxg2 hxg1=Q 21.
Qxg1 Nf6 22. Nxc6 Ne4+ 1-0

[Event "Oberschwaben-chB"]
[Site "Markdorf"]
[Date "2009.05.21"]
[Round "1.19"]
[White "Baron, Sven"]
[Black "Holzer, Daniel"]
[Result "1-0"]
[WhiteElo "1688"]
[BlackElo "1229"]
[PlyCount "37"]
[EventDate "2009.??.??"]
[WhiteTeam "SC Wangen"]
[BlackTeam "SAbt Post-SV Ulm"]

1. e4 e5 2. Nf3 Nc6 3. Bb5 d6 4. d4 a6 5. Bxc6+ bxc6 6. dxe5 Bg4 7. O-O dxe5 8.
Be3 Qf6 9. Nbd2 Rd8 10. Qe2 Be7 11. Qxa6 Nh6 12. Qa5 Bd6 13. Bg5 Qg6 14. Bxd8
Bh3 15. Nh4 Qg4 16. f3 Qf4 17. Rae1 g5 18. g3 Bc5+ 19. Qxc5 1-0

[Event "Oberschwaben-chB"]
[Site "Markdorf"]
[Date "2009.05.21"]
[Round "1.20"]
[White "Längl, Josef"]
[Black "Lewandowski, Tadeus"]
[Result "1-0"]
[WhiteElo "1148"]
[BlackElo "1688"]
[PlyCount "87"]
[EventDate "2009.??.??"]
[WhiteTeam "SC Tettnang"]
[BlackTeam "SF Ravensburg"]

1. e4 c5 2. Nf3 Nc6 3. Be2 Nf6 4. Nc3 d6 5. O-O g6 6. d3 Bg7 7. Bg5 O-O 8. Qd2
Ng4 9. h3 Nge5 10. Nd5 Nxf3+ 11. Bxf3 Bxb2 12. Rae1 Bg7 13. Bh6 Nd4 14. Bd1 e6
15. c3 Nb5 16. Bxg7 Kxg7 17. Qb2 Nc7 18. c4+ f6 19. Ne3 Bd7 20. f4 Bc6 21. Rf3
b5 22. Rg3 bxc4 23. Nxc4 Rb8 24. Qf2 Nb5 25. f5 Nd4 26. fxg6 hxg6 27. Bh5 Be8
28. Bd1 f5 29. e5 d5 30. Nd6 Qa5 31. h4 Rh8 32. h5 Rh6 33. Rg5 Bd7 34. Rf1 Rg8
35. Qh4 Kh7 36. Nf7 Qd2 37. Nxh6 Qe3+ 38. Kh2 Qxe5+ 39. Kh1 Kxh6 40. hxg6+ Kg7
41. Qh7+ Kf6 42. Qxg8 Kxg5 43. g7 Kg6 44. Bh5+ 1-0

[Event "Oberschwaben-chB"]
[Site "Markdorf"]
[Date "2009.05.21"]
[Round "1.21"]
[White "Benkö, Florian"]
[Black "Schmollinger, Jonathan"]
[Result "1-0"]
[WhiteElo "1683"]
[BlackElo "960"]
[PlyCount "89"]
[EventDate "2009.??.??"]
[WhiteTeam "SC Tettnang"]
[BlackTeam "SAbt Post-SV Ulm"]

1. Nc3 g6 2. e4 Bg7 3. Bc4 d6 4. d3 Nf6 5. Bg5 Nc6 6. Nge2 Na5 7. Bb3 Nxb3 8.
axb3 c6 9. Qd2 h6 10. Be3 b6 11. f3 Bd7 12. Nd1 Qc7 13. c3 c5 14. Nf2 d5 15. d4
cxd4 16. cxd4 Bc6 17. e5 Ng8 18. Nf4 e6 19. O-O Ne7 20. Rfe1 h5 21. N4d3 Nf5
22. Rac1 Nxe3 23. Nb4 Nc4 24. bxc4 Qb7 25. Nxc6 Qxc6 26. Qb4 Bf8 27. Qb3 dxc4
28. Rxc4 Qd5 29. Rec1 Be7 30. Rc8+ Rxc8 31. Rxc8+ Bd8 32. Qe3 Qd7 33. Ne4 Qa4
34. Nf6+ Ke7 35. Qc3 Qa5 36. b4 Qa2 37. h3 Qb1+ 38. Kh2 g5 39. Qc6 Kf8 40.
Rxd8+ Kg7 41. Rxh8 Kxh8 42. Qe8+ Kg7 43. Qg8+ Kh6 44. Qh8+ Qh7 45. Qxh7# 1-0

[Event "Oberschwaben-chB"]
[Site "Markdorf"]
[Date "2009.05.21"]
[Round "1.22"]
[White "Leser, Jasmin"]
[Black "Gräber, Gero"]
[Result "0-1"]
[WhiteElo "907"]
[BlackElo "1682"]
[PlyCount "98"]
[EventDate "2009.??.??"]
[WhiteTeam "SF Mengen"]
[BlackTeam "SC Tettnang"]

1. e4 e5 2. Nf3 Nc6 3. Bc4 Bc5 4. Nc3 a6 5. a3 d6 6. O-O Nf6 7. h3 O-O 8. d3 h6
9. b4 Ba7 10. Re1 Be6 11. Bxe6 fxe6 12. Qd2 Qe8 13. Ne2 Qg6 14. Ng3 Qxg3 15.
Qe2 Qg6 16. Nh4 Qf7 17. Qf3 Nd4 18. Qd1 Nh5 19. Be3 Nf4 20. c3 Nc6 21. Bxa7
Nxa7 22. Qf3 Qf6 23. Qg3 Nxd3 24. Rf1 Nf4 25. Rae1 Nb5 26. c4 Nd4 27. Qg4 Nde2+
28. Rxe2 Nxe2+ 29. Qxe2 Qxh4 30. c5 Rf7 31. cxd6 cxd6 32. f3 Rc8 33. Qa2 Qf6
34. Qd2 Rd7 35. f4 exf4 36. Rxf4 Qg5 37. h4 Qe5 38. Rg4 Kh8 39. Qe3 Rc3 40. Qd2
Rxa3 41. Qc2 Rf7 42. Qc8+ Kh7 43. Qc1 Ra1 44. Qxa1 Qxa1+ 45. Kh2 Rf1 46. Kh3
Rh1+ 47. Kg3 e5 48. Kf3 Qe1 49. Rg3 h5 0-1

[Event "Oberschwaben-chB"]
[Site "Markdorf"]
[Date "2009.05.21"]
[Round "1.23"]
[White "Voss, Michael"]
[Black "Benkö, Jakob"]
[Result "1-0"]
[WhiteElo "1667"]
[BlackElo "879"]
[PlyCount "41"]
[EventDate "2009.??.??"]
[WhiteTeam "SC Lindau"]
[BlackTeam "SC Tettnang"]

1. e4 Nf6 2. Nc3 e5 3. Bc4 Nc6 4. d3 Bb4 5. Bd2 O-O 6. f4 Bxc3 7. Bxc3 exf4 8.
Ne2 d5 9. exd5 Nxd5 10. Bxd5 Qxd5 11. O-O f3 12. Rxf3 Bg4 13. Rg3 Bxe2 14.
Rxg7+ Kh8 15. Rxf7+ Nd4 16. Rxf8+ Rxf8 17. Qxe2 Rg8 18. Qf2 c5 19. Re1 h6 20.
Qf6+ Rg7 21. Qxh6+ 1-0

[Event "Oberschwaben-chB"]
[Site "Markdorf"]
[Date "2009.05.21"]
[Round "1.25"]
[White "Kolas, Matija"]
[Black "Herpich, Tristan"]
[Result "1/2-1/2"]
[WhiteElo "1661"]
[BlackElo "800"]
[PlyCount "110"]
[EventDate "2009.??.??"]
[WhiteTeam "SK Markdorf"]
[BlackTeam "SC Lindau"]

1. d4 d5 2. e3 e6 3. f4 c5 4. c3 Nc6 5. Nf3 Nf6 6. Bd3 Be7 7. O-O O-O 8. Nbd2
c4 9. Bc2 Ng4 10. Qe2 f6 11. e4 b5 12. a3 Bb7 13. exd5 Qxd5 14. Be4 Qd6 15. g3
e5 16. fxe5 fxe5 17. Bxh7+ Kh8 18. Bc2 exd4 19. Nxd4 Nxd4 20. Qxg4 Nxc2 21. Ne4
Qb6+ 22. Nf2 Rxf2 23. Rxf2 Rf8 24. Bf4 Bd6 25. Qh3+ Kg8 26. Qe6+ Rf7 27. Raf1
Qc6 28. Qxf7+ Kxf7 29. Bxd6+ Ke6 30. Rxc2 Qh1+ 31. Kf2 Qg2+ 32. Ke1 Qxc2 33.
Bb4 Qc1+ 34. Ke2 Qxb2+ 35. Ke3 Qxh2 36. Re1 Qxg3+ 37. Kd2+ Kd5 38. Re3 Qf2+ 39.
Re2 Qf4+ 40. Kc2 g5 41. Rd2+ Ke6 42. Rd4 Be4+ 43. Kd1 g4 44. Ke1 Qe3+ 45. Kd1
g3 46. Bc5 Qxd4+ 47. Bxd4 a5 48. Ke2 g2 49. Bg1 b4 50. axb4 a4 51. Kd2 a3 52.
Kc1 a2 53. Kb2 Bb1 54. b5 Kd7 55. Bc5 Kc7 1/2-1/2

[Event "Oberschwaben-chB"]
[Site "Markdorf"]
[Date "2009.05.21"]
[Round "2.1"]
[White "Schneider, Thomas"]
[Black "Krämer, Markus"]
[Result "1-0"]
[WhiteElo "1695"]
[BlackElo "1863"]
[PlyCount "85"]
[EventDate "2009.??.??"]
[WhiteTeam "SF Ravensburg"]
[BlackTeam "SC Tettnang"]

1. d4 Nf6 2. Nf3 g6 3. c4 d6 4. Nc3 Bg7 5. g3 c6 6. Bg2 Nbd7 7. O-O O-O 8. e4
Qc7 9. h3 a6 10. Be3 b5 11. Nd2 b4 12. Ne2 e5 13. d5 cxd5 14. cxd5 a5 15. Rc1
Qd8 16. Qc2 Ba6 17. Rfe1 Ne8 18. Bf1 f5 19. f4 fxe4 20. Nxe4 Rc8 21. Qb3 Nb6
22. Rxc8 Bxc8 23. Rc1 Bd7 24. Ng5 Nc8 25. Ne6 Bxe6 26. dxe6 Kh8 27. Bg2 Ne7 28.
a3 bxa3 29. bxa3 Nf5 30. Ba7 Qe7 31. Bb6 Bh6 32. Rc8 exf4 33. Nxf4 Nfg7 34. Bd8
Qa7+ 35. Kh2 Rxf4 36. gxf4 Bxf4+ 37. Kh1 Qf2 38. Qc3 Qe2 39. Bh4 Qxe6 40. Bf6
Be5 41. Bxe5 dxe5 42. Rc6 Qf5 43. Rc5 1-0

[Event "Oberschwaben-chB"]
[Site "Markdorf"]
[Date "2009.05.21"]
[Round "2.2"]
[White "Jäckel, Thomas"]
[Black "Baron, Sven"]
[Result "1-0"]
[WhiteElo "1853"]
[BlackElo "1688"]
[PlyCount "53"]
[EventDate "2009.??.??"]
[WhiteTeam "SC Lindau"]
[BlackTeam "SC Wangen"]

1. e4 e6 2. Nc3 d5 3. Nf3 Nf6 4. e5 Nfd7 5. d4 c5 6. Ne2 Nc6 7. c3 cxd4 8. cxd4
Bb4+ 9. Bd2 Qa5 10. Nc3 Qb6 11. a3 Bxc3 12. Bxc3 f6 13. exf6 Nxf6 14. Bd3 Bd7
15. O-O O-O 16. Re1 Rae8 17. Ne5 Qc7 18. Re3 Ne7 19. Rh3 g6 20. Qd2 Bc8 21. Bb4
b6 22. Rc1 Qb7 23. Bd6 Nf5 24. Bxf5 exf5 25. Rc7 Qa6 26. Qh6 Qa5 27. Qg7# 1-0